000 00301nam a2200097 a 4500
005 20200930070045.0
008 110818s1940 000 spa d
245 0 _aEspañoles ilustres residentes en la República Dominicana.
260 _aCiudad Trujillo, República Dominicana,
_c1940.
999 _c32634
_d32634
040 _aDO-SdBNP